000 00446nam a2200181Ia 4500
005 20240823061508.0
008 240823s9999||||xx |||||||||||||| ||und||
041 _aENGLISH
082 _A005.133 N4 BAS
100 _a"Penfold,John W"
245 0 _aMicrosoft Visual Basic
250 _a1st
260 _c1994
_b"Galgotia,New Delhi"
500 _aTRANSFERED
650 _aVisual Basic
_bSoftware Engineering
942 _cBK
999 _c233666
_d233666